Evaluación del control de calidad y proceso de tratamiento de la planta potabilizadora de Ocotal
La presente tesis tiene como objetivo dar a conocer la eficiencia del proceso de potabilización de la planta de filtración rápida de la ciudad de Ocotal, basándose en la recopilación de parámetros operacionales de los últimos tres años y en la determinación de la calidad de agua en cada com...
| Main Author: | |
|---|---|
| Other Authors: | |
| Format: | Tesis Section = Libro |
| Language: | Undetermined Spanish |
| Published: |
Managua
UNI
1998
|
| Subjects: |
| LEADER | 01185nam a2200241Ia 4500 | ||
|---|---|---|---|
| 008 | 240830s9999 xx 000 0 und d | ||
| 040 | |a BIBLIOTECA-RUSB/ Mon 628.164 M832 | ||
| 041 | |a spa | ||
| 082 | |a Mon 628.164 M832 | ||
| 100 | 1 | |a Morazán Rodríguez, Ivette María | |
| 245 | 1 | 0 | |a Evaluación del control de calidad y proceso de tratamiento de la planta potabilizadora de Ocotal |
| 260 | |a Managua |b UNI |c 1998 | ||
| 300 | |a 81 p. :il. | ||
| 500 | |a Contiene: apéndices. | ||
| 502 | |a Tesis (Ingeniero Químico) - UNI, 1998. | ||
| 520 | 3 | |a La presente tesis tiene como objetivo dar a conocer la eficiencia del proceso de potabilización de la planta de filtración rápida de la ciudad de Ocotal, basándose en la recopilación de parámetros operacionales de los últimos tres años y en la determinación de la calidad de agua en cada componente de la planta para identificar los problemas específicos de las operaciones unitarias que imponen todo el proceso. | |
| 650 | 7 | |a CONTROL DE CALIDAD | |
| 650 | 7 | |b INGENIERIA QUIMICA | |
| 650 | 7 | |c TRATAMIENTO DE AGUA | |
| 700 | 1 | |a Tutor: |b García Granados, Indiana | |
| 942 | |c BK |2 ddc | ||
| 991 | |a TESIS | ||
| 999 | |c 20444 | ||